|
|
|
|
| LEADER |
00591 a2200181 4500 |
| 008 |
150103s9999 000 0 eng |
| 020 |
|
|
|a 0393312968
|
| 082 |
0 |
0 |
|a 791.43
|
| 100 |
1 |
|
|a O'Brien, Geoffrey.
|
| 245 |
1 |
4 |
|a The phantom empire /
|
| 250 |
|
|
|a 1st ed.
|
| 260 |
|
|
|a New York :
|b Norton,
|c c1993.
|
| 300 |
|
|
|a 281 p.
|
| 500 |
|
|
|a Includes index of films cited.$ 12.00
|
| 650 |
|
0 |
|a Motion pictures
|
| 942 |
|
|
|c BK
|
| 999 |
|
|
|c 302988
|d 302988
|
| 952 |
|
|
|0 0
|1 0
|2 ddc
|4 0
|6 791_430000000000000_OBR_PH
|7 0
|9 346540
|a DRA
|b DRA
|c ST1
|d 2011-01-12
|e Gift
|i 130G
|l 0
|o 791.43 OBR/PH
|p DRA130G
|r 2019-01-03
|w 2019-01-03
|y BK
|